Ультразвуковая обработка и лазерная диагностика тиксотропных структур, формирующихся в водных суспензиях природных силикатов; Экотехнологии и ресурсосбережение; № 1

Dades bibliogràfiques
Parent link:Экотехнологии и ресурсосбережение: научно-технический журнал/ Национальная академия наук Украины (НАНУ) ; Институт газа Украины.— , 1994-2008.— 0235-3482
№ 1.— 2002.— С. 34-37
Altres autors: Третинник В. Ю., Теселкин В. В., Симуров В. В., Ярёменко В. А.
Idioma:rus
Publicat: 2002
Col·lecció:Переработка сырья и ресурсосбережение
Matèries:
Format: Capítol de llibre
KOHA link:https://koha.lib.tpu.ru/cgi-bin/koha/opac-detail.pl?biblionumber=381986

MARC

LEADER 00000naa2a2200000 4500
001 381986
005 20231101062910.0
035 |a (RuTPU)RU\TPU\prd\5224 
090 |a 381986 
100 |a 20020628a2002 k y0rusy50 ca 
101 0 |a rus 
102 |a un 
200 1 |a Ультразвуковая обработка и лазерная диагностика тиксотропных структур, формирующихся в водных суспензиях природных силикатов  |f В. Ю. Третинник, В. В. Теселкин, В. В. Симуров, В. А. Ярёменко 
225 1 |a Переработка сырья и ресурсосбережение 
320 |a Библиогр.: 6 назв. 
461 1 |0 (RuTPU)RU\TPU\prd\1029  |x 0235-3482  |t Экотехнологии и ресурсосбережение  |o научно-технический журнал  |f Национальная академия наук Украины (НАНУ) ; Институт газа Украины  |d 1994-2008 
463 1 |0 (RuTPU)RU\TPU\prd\2682  |t № 1  |v С. 34-37  |d 2002 
610 1 |a природные силикаты 
610 1 |a тиксотропная структура 
610 1 |a ультрозвуковая обработка 
610 1 |a стабильность суспензий 
701 1 |a Третинник  |b В. Ю. 
701 1 |a Теселкин  |b В. В. 
701 1 |a Симуров  |b В. В. 
701 1 |a Ярёменко  |b В. А. 
801 1 |a RU  |b 63413507  |c 20020628  |g PSBO 
801 2 |a RU  |b 63413507  |c 20120412  |g PSBO 
942 |c BK